GROWING bamboo the Ilocos way : (An illustrated easy method of producing bamboo)

Bibliographic Details
Other Authors: Lumdang
Format: Book
Published: Laguna, Philippines : Forestry Development Center , 1983
Subjects:

MARC

LEADER 00000cam a2200000 7i4500
001 0000001371
005 20010608.0
090 0 0 |a 584.9   |b GRO 1983 
245 0 0 |a GROWING bamboo the Ilocos way :   |b (An illustrated easy method of producing bamboo)   |c prepared by Ely G. Lumdang 
260 0 0 |a Laguna, Philippines :   |b Forestry Development Center ,   |c 1983 
300 |a 32 p. :   |b ill. ;   |c 28 cm. 
650 0 0 |a Bamboo   |z Philippines 
700 0 1 |a Lumdang   |h Ely G. 
998 |a JPSM 
999 |a 0000002184   |b Monograph   |c Open Shelf   |e Default branch